000 00742nam a2200205 a 4500
001 BRCA_2935
005 20190320204032.0
008 151208s1852----mx-a---###---#000-0#spa-#
050 4 _aF1226
_b.C38 1852
100 1 _aCavo, Andres
_9558
245 1 0 _aLos tres siglos de Mejico durante el gobierno español hasta la entrada del ejercito trigarante
_bobra escrita en Roma
_cpor el Padre Andres Cavo ; publicada con notas y suplemento pot Carlos Maria de Bustamente.
260 _aMejico
_bJ. R. Navarro
_c1852
300 _a415 p.
_bil.
_c27 cm.
500 _aB73
651 4 _aMéxico
_xHistoria
_9614
651 4 _aMéxico (Ciudad)
_xHistoria
_95378
700 1 _aBustamante, Carlos Maria de
_f1774-1848
_9555
902 _aGFM
942 _2lcc
_cB
999 _c2674
_d2674